| 000 | 00926cab a22002535a 4500 | ||
|---|---|---|---|
| 001 | L159899 | ||
| 008 | 150113e2018 xxk 000 0 eng d | ||
| 035 | _a(Sirsi) u159899 | ||
| 041 | 0 | _aeng | |
| 100 | 1 | _aWilkinson, Sara | |
| 245 | 0 | 2 |
_aA roof under your head _h[electronic resource] |
| 260 |
_aLondon _bRICS _c2018 |
||
| 490 |
_aRICS Building Surveying Journal _vMarch - April 2018, 10-11(2) |
||
| 520 | _aCase study from an Australian projects demonstrates that green roofs are good for mental health, as well as providing environmental and financial benefits. | ||
| 650 | 2 | 4 | _aGREEN ROOFS |
| 650 | 2 | 4 | _aGREEN BUILDINGS |
| 650 | 2 | 4 | _aMENTAL HEALTH |
| 651 | 4 | _aUnited Kingdom | |
| 651 | 4 | _aAustralia | |
| 690 |
_aSustainability _96271 |
||
| 700 | 2 | _aOrr, Fiona | |
| 856 | 4 | 0 |
_uhttps://issuu.com/ricsmodus/docs/building_surveying_journal_march_ap_aa689a2c570f4c _yAvailable free online via Issuu |
| 942 |
_n0 _2ddc |
||
| 999 |
_c85052 _d85052 |
||